00505nam a2200169Ia 4500003000900000008004100009020001800050040001600068080001700084245007800101260003100179300001400210650002100224650004100245650002200286700002700308IN-BaIIA211028s9999 xx 000 0 eng d a0-262-02137-4 cIIA Library a52(091)bAST 0aAstronomy of the ancientscedited by Kenneth Brecher and Michael Feirtag  aCambridgebMIT Pressc1979 aix, 206p. aArchaeoastronomy aAstronomy and astrophysics thesaurus aAstronomy-history aBrecher, Kenneth., ed.